00575nam a22001815a 450000100060000000300040000600500170001000800410002701000170006802000140008504000180009905000150011708200160013224500650014826000510021330000390026444000900030315497OSt20230703162540.0851121|1985 ||| 000 0 eng  a 85980815  cSHl20.00. aDLCcDLCdDLC00aIN PROCESS a338.97bWER10aWomen and development in Africa /cedited by Gigeon S. Were. aNairobi, Kenya :bGideon S. Were Press,c1985. aii, 315 p. : ill., ports. ; 26 cm. 0aJournal of Eastern African research and development, ISSN 0251-0405 ; vol. 15 (1985)